000 00586nam a22002297a 4500
003 UA-OsUOA
001 120962
007 ta
008 20170227b un ||||| |||| 00| 0 ukr d
100 _aГорький М.
090 _a821.161.1
_bГ71
942 _cBK
040 _aUA-OsUOA
_bukr
_cUA-OsUOA
_dUA-OsUOA
245 _aКазки, повісті, оповідання
300 _a721 С.
955 _a3
041 _aukr
080 _a821.161.1
260 _aК.
_c1953
650 7 _a82 Література. Літературознавство
_2UDC
999 _c407074
_d407074